000 00434nam a2200157Ia 4500
005 20241029150337.0
008 240126s9999 xx 000 0 und d
020 _a9780593079263
082 _a158.1 HEA;1 R
100 _aHeath, Chip. Heath, Dan.
245 4 _aThe power of moments : why certain experiences have extraordinary impact
260 _bBantam Press
_aLondon
_c2017
300 _a307
440 _aNULL
942 _cPU
999 _c286998
_d286998